| 000 | 00859nam a2200217 i 4500 | ||
|---|---|---|---|
| 001 | 77359 | ||
| 003 | ES-MaACL | ||
| 005 | 20231227200020.0 | ||
| 007 | t| | ||
| 008 | 041008s1964 sp ||||1| spa d | ||
| 100 | 1 |
_aHadorn, Walter. _961413 |
|
| 245 | 1 | 0 |
_aManual de terapéutica Daimon / _cdirectores de redacción para la versión española, W. Hadorn, M. Jiménez Casado y C. Rozman Borstar ; secretario de redacción, F. Lience Duran ; traducido por T. Amat Puértolas ... [et al.] ; prólogo de C. Jiménez Díaz. |
| 260 |
_aMadrid : _bDaimon, _c[1964] |
||
| 300 |
_aXII, 716 p. : _bil. ; _c23 cm. |
||
| 700 | 1 |
_aHadorn, Walter. _961413 |
|
| 700 | 1 |
_aRozman, C. ( _d1929-) _9100259 |
|
| 700 | 1 |
_aAmat Puértolas, T. _921143 |
|
| 700 | 1 |
_aJiménez Díaz, Carlos, _d1898-1967 _966515 |
|
| 852 |
_aES-MaACL _jC-26368 _bR.55372 |
||
| 999 |
_c77359 _d77359 |
||